PE3 : individual dual sports / Bernadette Bermaglomay I. Pilobello [and six others]. (Record no. 21562)
| 000 -LEADER | |
|---|---|
| fixed length control field | 00582nam a22001817a 4500 |
| 020 ## - INTERNATIONAL STANDARD BOOK NUMBER | |
| ISBN | 9786210800418 |
| 082 ## - DEWEY DECIMAL CLASSIFICATION NUMBER | |
| Classification number | 796 |
| Item number | P6431 2023 |
| 100 ## - MAIN ENTRY--AUTHOR NAME | |
| Personal name | Pilobello, Bernadette Bermaglomay I., author. |
| 245 ## - TITLE STATEMENT | |
| Title | PE3 : individual dual sports / Bernadette Bermaglomay I. Pilobello [and six others]. |
| 260 ## - PUBLICATION, DISTRIBUTION, ETC. (IMPRINT) | |
| Place of publication | Malabon City : |
| Name of publisher | Mutya Publishing House, Inc., |
| Year of publication | ©2023. |
| 300 ## - PHYSICAL DESCRIPTION | |
| Number of Pages | 151 pages : |
| Other physical details | illustrations ; 26 cm. |
| 500 ## - GENERAL NOTE | |
| General note | Includes bibliographical references. |
| 650 ## - SUBJECT ADDED ENTRY--TOPICAL TERM | |
| Topical Term | Athletics. |
| 650 ## - SUBJECT ADDED ENTRY--TOPICAL TERM | |
| Topical Term | Badminton. |
| 650 ## - SUBJECT ADDED ENTRY--TOPICAL TERM | |
| Topical Term | Table Tennis. |
| 650 ## - SUBJECT ADDED ENTRY--TOPICAL TERM | |
| Topical Term | Arnis. |
| 942 ## - ADDED ENTRY ELEMENTS (KOHA) | |
| Koha item type | Books |
| Source of acquisition | Permanent Location | Date acquired | Koha item type | Collection code | Accession Number | Lost status | Shelving location | Withdrawn status | Current Location | Full call number |
|---|---|---|---|---|---|---|---|---|---|---|
| School | Cagayan State University - Carig Library | 2025-12-03 | Books | Arts & Recreation | 011244 | General Collection | Cagayan State University - Carig Library | 796 P6431 2023 | ||
| School | Cagayan State University - Carig Library | 2025-12-03 | Books | Arts & Recreation | 011245 | General Collection | Cagayan State University - Carig Library | 796 P6431 2023 | ||
| School | Cagayan State University - Carig Library | 2025-12-03 | Books | Arts & Recreation | 011246 | General Collection | Cagayan State University - Carig Library | 796 P6431 2023 |